logo

Bir Sreshtho Munshi Abdur Rouf Library
Jhenaidah Cadet College

খালীফাতু রাসূলিল্লাহ আবূ বাকর আছ্ছিদ্দীক রাদিআল্লাহু আনহু / (Record no. 12502)

MARC details
000 -LEADER
fixed length control field 00804nam a2200229 a 4500
001 - CONTROL NUMBER
JCCL Control Number 12502
003 - CONTROL NUMBER IDENTIFIER
JCCL marc code BD-JhCC
005 - DATE AND TIME OF LATEST TRANSACTION
control field 20220314124755.0
008 - FIXED-LENGTH DATA ELEMENTS--GENERAL INFORMATION
fixed length control field 220314b20132020bg |||| ||a| 001 0 ben d
020 ## - INTERNATIONAL STANDARD BOOK NUMBER
International Standard Book Number 9789848921067
035 ## - SYSTEM CONTROL NUMBER
system control number (BD-JhCC)12502
040 ## - CATALOGING SOURCE
Original cataloging agency BD-JhCC
Modifying agency BD-JhCC
041 ## - LANGUAGE CODE
Language code of Book Bengali
082 ## - DEWEY DECIMAL CLASSIFICATION NUMBER
Classification number 297.18
Author mark and Year ALI 2020
100 ## - MAIN ENTRY--PERSONAL NAME
Personal name আলী, ড. আহমদ
245 ## - TITLE STATEMENT
Title খালীফাতু রাসূলিল্লাহ আবূ বাকর আছ্ছিদ্দীক রাদিআল্লাহু আনহু /
Statement of responsibility, etc ড. আহমদ আলী।
260 ## - PUBLICATION, DISTRIBUTION, ETC. (IMPRINT)
Place of publication, distribution, etc ঢাকা :
Name of publisher, distributor, etc বাংলাদেশ ইসলামিক সেন্টার;
Date of publication, distribution, etc ২০২০.
300 ## - PHYSICAL DESCRIPTION
Pagination 840 p. :
Dimensions 24 cm.
650 ## - SUBJECT ADDED ENTRY--TOPICAL TERM
Topical term or geographic name as entry element Muslim Legend
942 ## - ADDED ENTRY ELEMENTS (KOHA)
Source of classification or shelving scheme Dewey Decimal Classification
Koha item type Books
Holdings
Source of classification or shelving scheme Damaged status Not for loan Home library Current library Shelving location Date of accession Cost, normal purchase price Total Checkouts Full call number Barcode Date last seen Copy number Koha item type
Dewey Decimal Classification     JCC Rouf Library JCC Rouf Library General Stacks 06/05/2021 563.00   297.18 ALI 2020 16741 03/14/2022 C-1 Books

JCC Library | Contacts | JCC Home

Last Update on 23 September 2017
Copyright @ 2017-2020 JCC Rouf Library
Rouf Library, Jhenidah Cadet College (JCC), Bangladesh